| 000 | 00606nam a22002177a 4500 | ||
|---|---|---|---|
| 001 | 3399 | ||
| 003 | BD-RjUL | ||
| 005 | 20211208233726.0 | ||
| 008 | 131219s1982 ii d|||| |||| 001 0 eng d | ||
| 035 | _a(BD-RjUL)3433 | ||
| 040 |
_aBD-RjUL _beng _cBD-RjUL |
||
| 041 | _aeng | ||
| 082 | 0 | 4 |
_a332.15 _bMOB 1982 |
| 100 | 1 |
_aMongia, J.N _910673 |
|
| 245 | 1 |
_aBanking Around the World / _cJ.N. Mongia |
|
| 260 |
_aNew Delhi : _bAllied Publishers Private Limited, _c1982 |
||
| 300 |
_avii, 569p. : _bill. ; _c21cm. |
||
| 504 | _aIncludes Index | ||
| 650 | 0 | 7 |
_aBanks and banking _910674 _vHistory. |
| 942 |
_2ddc _cBK |
||
| 999 |
_c3399 _d3399 |
||